Economic development in the nineteenth century: France, Germany, Russia and the United States (Record no. 38080)

MARC details
000 -LEADER
fixed length control field 00417nam a2200145Ia 4500
008 - FIXED-LENGTH DATA ELEMENTS--GENERAL INFORMATION
fixed length control field 230917s9999||||xx |||||||||||||| ||und||
040 ## - CATALOGING SOURCE
-- 18895
Original cataloging agency VIVEKANANDA LIBRARY
041 ## - Language
-- English
082 ## - DDC NUMBER
Classification number 330.9 K761E
100 ## - MAIN ENTRY--PERSONAL NAME
Personal name Knowles, L C A
245 #0 - TITLE STATEMENT
Title Economic development in the nineteenth century: France, Germany, Russia and the United States
260 ## - PUBLICATION, DISTRIBUTION, ETC. (IMPRINT)
Place of publication, distribution, etc London
Name of publisher, distributor, etc Routledge
Date of publication, distribution, etc 1964
300 ## - PHYSICAL DESCRIPTION
Pages viii, 368 p.
942 ## - ADDED ENTRY ELEMENTS (KOHA)
Koha item type Books
Holdings
Withdrawn status Lost status Damaged status Not for loan Location (home branch) Sublocation or collection (holding branch) Date acquired Koha issues (times borrowed) Koha full call number Accession No. Koha date last seen Koha item type
        VIVEKANANDA LIBRARY VIVEKANANDA LIBRARY 08/08/2002   330.9 K761E 10365 17/09/2023 Books
        VIVEKANANDA LIBRARY VIVEKANANDA LIBRARY 08/08/2002   330.9 K761E 11023 17/09/2023 Books
        VIVEKANANDA LIBRARY VIVEKANANDA LIBRARY 08/08/2002   330.9 K761E 15880 17/09/2023 Books
        VIVEKANANDA LIBRARY VIVEKANANDA LIBRARY 08/08/2002   330.9 K761E 22568 17/09/2023 Books
© Designed and Maintained by Vivekananda Library, MDU Rohtak